000 00264nam a2200133Ia 4500
100 _aKaner/Peter
942 _cBK
654 _aMetric
245 _aModern World Mathematics
260 _bLongman
_c2001
082 _a510
_bKAN
546 _aENGLISH
999 _c26223
_d26223